000 00506pab a2200157 454500
008 180718b1999 xxu||||| |||| 00| 0 eng d
100 _aKroukamp, Hendri
245 _a`Batho Pele': putting the citizen first in transforming public service delivery in a changing South Africa
260 _c1999
300 _ap.327-38
362 _aSep
650 _aPublic administration - South Africa
650 _aPublic administration
773 _aInternational Review of Administrative Sciences
909 _a43429
999 _c43429
_d43429